000 00818nam a2200193 4500
005 20260511114348.0
008 260511b |||||||| |||| 00| 0 eng d
040 _cCRL
041 _aਪੰਜਾਬੀ
100 _aਕੌਰ, ਪਰਮਿੰਦਰ
_91238942
245 _a21 ਵੀਂ ਸਦੀ ਦੀ ਪੰਜਾਬੀ ਕਹਾਣੀ: ਬਿਰਤਾਂਤ ਸ਼ਾਸਤਰੀ ਅਧਿਅਨ
_cby ਪਰਿੰਦਰ ਕੌਰ
260 _aਦਿੱਲੀ,
_bਯੂਨੀਵਰਸਿਟੀ ਔਫ ਦਿੱਲੀ:
_c2025.
300 _a207 ਪ.
502 _bPh.D.
_cUniversity of Delhi
650 _aPunjabi Literature
710 _bਡਿਪਾਰਟਮੇਂਟ ਔਫ ਪੰਜਾਬੀ, ਯੂਨੀਵਰਸਿਟੀ ਔਫ ਦਿੱਲੀ,
_91238943
942 _cTH
999 _c1851165
_d1851165